| 000 | 00458nam a2200169Ia 4500 | ||
|---|---|---|---|
| 008 | 241127s9999||||xx |||||||||||||| ||und|| | ||
| 020 |
_a9780131199521 _c220220 |
||
| 040 |
_beng _cSSK Library _erda |
||
| 082 | _a692.5/DAG | ||
| 100 | _a Frank R. Dagostino & Steven J. Peterson - | ||
| 245 | 0 | _aEstimating In Building Construction | |
| 250 | _a7th ed. | ||
| 260 |
_b Prentice Hall _c©2011 |
||
| 942 |
_22ddc _cBOOK _nNo |
||
| 999 |
_c9537 _d9537 |
||
| 003 | OSt | ||
| 005 | 20241127152809.0 | ||